Los retos culturales de México/

Збережено в:
Бібліографічні деталі
Інші автори: Arizpe, Lourdes (coordinadora)
Формат: Книга
Мова:Spanish
Опубліковано: México: UNAM; Miguel Angel Porrúa, 2004
Теги: Додати тег
Немає тегів, Будьте першим, хто поставить тег для цього запису!

MARC

LEADER 00000nam a22000007a 4500
003 cru CIDCACS/IIS
005 20210212062551.0
008 200305t2004 mx |||||r|||||0|| ||spa|d
999 |c 42320  |d 42320 
020 |a 9707015020 
040 |c cru CRAI/IIS 
090 |a 05.02.03 A714r 
245 0 4 |a Los retos culturales de México/  |c Lourdes Arizpe, coordinadora 
260 |a México:  |b UNAM;  |b Miguel Angel Porrúa,  |c 2004 
300 |a 383 páginas :  |b tablas, gráficos 
700 1 |a Arizpe, Lourdes  |e coordinadora  |9 9127 
942 |2 ddc  |c LI